Sports Quiz

Random Sports or Football Quiz

Volleyball Quiz Stats

 Plays Quiz not verified by Sporcle

Support Sporcle.
Go Orange.
Score 0/20 Timer 03:00
0 Plays Today
% Correct
Setter
83%
Net
68.9%
Volleyball
62.1%
Outside Hitter
59.2%
Middle hitter
51.4%
Knee pads
47%
Rightside Hitter
43.2%
Shoes
41.6%
Jersey
34.5%
Spandex
32.3%
% Correct
Socks
27.6%
Middle Back
20.8%
Players
20.2%
Left back
19.5%
Reff
18.9%
Ankle Brace
17.5%
Scoreboard
13.4%
Whistle
12.6%
Line Judges
10.3%
Net pads
9.2%

You're not logged in!

Compare scores with friends on all Sporcle quizzes.
OR
Log In

From the Vault

Mascot Murder Mystery (Logic Puzzle)

by wildebeest

We always suspected something was wrong with the Pillsbury Dough Boy. Those eyes are filled with evil.
Remove Ads.
Support Sporcle.
Get the best of Sporcle when you Go Orange. This ad-free experience offers more features, more stats, and more fun while also helping to support Sporcle. Thank you for becoming a member.

Show Comments

Extras

Created Feb 7, 2011ReportNominate
Tags:Football Quiz, Volleyball

Top Quizzes Today


Score Distribution

Your Account Isn't Verified!

In order to create a playlist on Sporcle, you need to verify the email address you used during registration. Go to your Sporcle Settings to finish the process.

Report this User

Report this user for behavior that violates our Community Guidelines.

Details: